[Event "MCR mladeze v rapidu 2019"]
[Site "Trest"]
[Date "2019.09.07"]
[Round "5"]
[White "Sulcova, Tereza Radmila"]
[Black "Voriskova, Anna"]
[Result "1-0"]
[BlackElo "1591"]
[WhiteElo "1580"]
[LiveChessVersion "1.4.8"]

1. d4 {[%clk 0:20:06]} Nf6 {[%clk 0:20:07]} 2. Nf3 {[%clk 0:20:08]} c5
{[%clk 0:20:04]} 3. e3 {[%clk 0:20:08]} g6 {[%clk 0:20:05]} 4. c3
{[%clk 0:20:10]} b6 {[%clk 0:20:08]} 5. Bd3 {[%clk 0:20:12]} Bg7 {[%clk 0:20:09]}
6. Nbd2 {[%clk 0:20:14]} Bb7 {[%clk 0:20:10]} 7. O-O {[%clk 0:20:15]} O-O
{[%clk 0:19:57]} 8. e4 {[%clk 0:20:14]} cxd4 {[%clk 0:19:50]} 9. Nxd4
{[%clk 0:19:35]} d6 {[%clk 0:19:32]} 10. f3 {[%clk 0:18:58]} Nbd7
{[%clk 0:19:30]} 11. b4 {[%clk 0:18:25]} Ne5 {[%clk 0:19:09]} 12. Be2
{[%clk 0:18:15]} Rc8 {[%clk 0:18:52]} 13. c4 {[%clk 0:17:22]} Nfd7
{[%clk 0:18:54]} 14. Bb2 {[%clk 0:16:55]} Nc6 {[%clk 0:17:00]} 15. Nxc6
{[%clk 0:16:10]} Rxc6 {[%clk 0:16:53]} 16. Bxg7 {[%clk 0:15:51]} Kxg7
{[%clk 0:16:55]} 17. Nb3 {[%clk 0:15:32]} Ne5 {[%clk 0:15:59]} 18. Qd4
{[%clk 0:14:50]} Kg8 {[%clk 0:15:54]} 19. Rac1 {[%clk 0:14:36]} Rc7
{[%clk 0:15:11]} 20. Rfd1 {[%clk 0:13:48]} Nc6 {[%clk 0:14:55]} 21. Qd2
{[%clk 0:13:42]} Qc8 {[%clk 0:14:33]} 22. c5 {[%clk 0:13:13]} dxc5
{[%clk 0:14:20]} 23. bxc5 {[%clk 0:13:14]} bxc5 {[%clk 0:14:22]} 24. Nxc5
{[%clk 0:13:15]} Rd8 {[%clk 0:13:44]} 25. Qb2 {[%clk 0:11:41]} Rxd1+
{[%clk 0:11:26]} 26. Rxd1 {[%clk 0:11:33]} e5 {[%clk 0:10:46]} 27. Nd3
{[%clk 0:09:46]} Ba6 {[%clk 0:09:40]} 28. Nc1 {[%clk 0:07:21]} Bxe2
{[%clk 0:07:29]} 29. Nxe2 {[%clk 0:07:13]} Rb7 {[%clk 0:07:24]} 30. Qc3
{[%clk 0:06:24]} Rc7 {[%clk 0:06:37]} 31. Qb2 {[%clk 0:05:53]} Qa6
{[%clk 0:05:14]} 32. Kh1 {[%clk 0:04:27]} Rb7 {[%clk 0:05:03]} 33. Qd2
{[%clk 0:04:19]} Qb6 {[%clk 0:04:32]} 34. Qd5 {[%clk 0:03:14]} Rb8
{[%clk 0:03:58]} 35. Rc1 {[%clk 0:02:27]} Rd8 {[%clk 0:01:09]} 36. Qc4
{[%clk 0:01:24]} Nd4 {[%clk 0:00:45]} 37. Nxd4 {[%clk 0:00:58]} Rxd4
{[%clk 0:00:49]} 38. Qc8+ {[%clk 0:00:55]} Kg7 {[%clk 0:00:53]} 39. h3
{[%clk 0:00:53]} Rd2 {[%clk 0:00:43]} 40. Qc3 {[%clk 0:00:45]} Qd6
{[%clk 0:00:23]} 41. Qa5 {[%clk 0:00:27]} Rd1+ {[%clk 0:00:13]} 42. Rxd1
{[%clk 0:00:31]} Qxd1+ {[%clk 0:00:16]} 43. Kh2 {[%clk 0:00:34]} Qd6
{[%clk 0:00:11]} 44. Qxa7 {[%clk 0:00:36]} Kh6 {[%clk 0:00:11]} 45. Qe3+
{[%clk 0:00:39]} Kg7 {[%clk 0:00:15]} 46. Qb3 {[%clk 0:00:37]} f5
{[%clk 0:00:10]} 47. a4 {[%clk 0:00:36]} fxe4 {[%clk 0:00:13]} 48. Qb7+
{[%clk 0:00:38]} Kh6 {[%clk 0:00:15]} 49. Qxe4 {[%clk 0:00:41]} Qc7
{[%clk 0:00:16]} 50. Qe3+ {[%clk 0:00:36]} Kg7 {[%clk 0:00:20]} 51. Qe4
{[%clk 0:00:31]} Qa5 {[%clk 0:00:23]} 52. h4 {[%clk 0:00:27]} Qc7
{[%clk 0:00:22]} 53. Kh3 {[%clk 0:00:26]} Qd7+ {[%clk 0:00:26]} 54. Kg3
{[%clk 0:00:27]} Qc7 {[%clk 0:00:30]} 55. Kf2 {[%clk 0:00:17]} Qb6+
{[%clk 0:00:33]} 56. Qe3 {[%clk 0:00:18]} Qa5 {[%clk 0:00:35]} 57. Qe4
{[%clk 0:00:17]} Qd2+ {[%clk 0:00:38]} 58. Qe2 {[%clk 0:00:20]} Qa5
{[%clk 0:00:42]} 59. Qc4 {[%clk 0:00:15]} Qd2+ {[%clk 0:00:44]} 60. Kg3
{[%clk 0:00:19]} Qe1+ {[%clk 0:00:46]} 61. Kh3 {[%clk 0:00:22]} Qh1+
{[%clk 0:00:49]} 62. Kg3 {[%clk 0:00:18]} Qe1+ {[%clk 0:00:53]} 63. Kh2
{[%clk 0:00:22]} Qa5 {[%clk 0:00:55]} 64. Qb3 {[%clk 0:00:16]} Qc7
{[%clk 0:00:56]} 65. Qb2 {[%clk 0:00:15]} Kf7 {[%clk 0:00:50]} 66. Qb3+
{[%clk 0:00:17]} Kg7 {[%clk 0:00:54]} 67. Qe3 {[%clk 0:00:13]} Qa5
{[%clk 0:00:54]} 68. Qb3 {[%clk 0:00:14]} Qc7 {[%clk 0:00:57]} 69. Qb2
{[%clk 0:00:06]} Kf7 {[%clk 0:00:58]} 70. Qa2+ {[%clk 0:00:11]} Kg7
{[%clk 0:01:01]} 71. Kg1 {[%clk 0:00:13]} Qc1+ {[%clk 0:00:59]} 72. Kf2
{[%clk 0:00:16]} Qc5+ {[%clk 0:01:02]} 73. Ke2 {[%clk 0:00:19]} Qa5
{[%clk 0:01:01]} 74. Qb3 {[%clk 0:00:21]} Qc7 {[%clk 0:00:57]} 75. Kd3
{[%clk 0:00:24]} Qd6+ {[%clk 0:00:57]} 76. Kc2 {[%clk 0:00:28]} Qc6+
{[%clk 0:00:57]} 77. Kb2 {[%clk 0:00:32]} Qc7 {[%clk 0:00:53]} 78. Qb4
{[%clk 0:00:33]} Kf6 {[%clk 0:00:48]} 79. Kb3 {[%clk 0:00:34]} Qf7+
{[%clk 0:00:50]} 80. Qc4 {[%clk 0:00:38]} Qb7+ {[%clk 0:00:51]} 81. Qb5
{[%clk 0:00:41]} Qf7+ {[%clk 0:00:52]} 82. Kb4 {[%clk 0:00:45]} Qa2
{[%clk 0:00:52]} 83. a5 Qb2+ {[%clk 0:00:53]} 84. Kc5 {[%clk 0:00:48]} Qf2+
{[%clk 0:00:48]} 85. Kc6 {[%clk 0:00:50]} Qxg2 {[%clk 0:00:48]} 86. a6
{[%clk 0:00:51]} Qxf3+ {[%clk 0:00:51]} 87. Qd5 {[%clk 0:00:54]} Qc3+
{[%clk 0:00:54]} 88. Qc5 {[%clk 0:00:55]} Qf3+ {[%clk 0:00:49]} 89. Kb6
{[%clk 0:00:57]} Qb3+ {[%clk 0:00:50]} 90. Kc7 {[%clk 0:00:59]} Qf7+
{[%clk 0:00:52]} 91. Kb8 {[%clk 0:01:00]} Qe8+ {[%clk 0:00:53]} 92. Qc8
{[%clk 0:01:04]} Qb5+ {[%clk 0:00:55]} 93. Ka8 {[%clk 0:01:05]} e4
{[%clk 0:00:45]} 94. a7 {[%clk 0:01:06]} e3 {[%clk 0:00:44]} 95. Qf8+
{[%clk 0:01:09]} Ke6 {[%clk 0:00:40]} 96. Qg8+ {[%clk 0:01:11]} Kf5
{[%clk 0:00:41]} 97. Qc8+ {[%clk 0:01:03]} Kf6 {[%clk 0:00:28]} 98. Qc3+
{[%clk 0:00:59]} Kf5 {[%clk 0:00:26]} 99. Qxe3 {[%clk 0:00:56]} Kg4
{[%clk 0:00:23]} 100. Qe4+ {[%clk 0:00:53]} Kg3 {[%clk 0:00:24]} 101. Qb7
{[%clk 0:00:40]} Qe8+ {[%clk 0:00:26]} 102. Qb8+ {[%clk 0:00:44]} 1-0

[Event "MCR mladeze v rapidu 2019"]
[Site "Trest"]
[Date "2019.09.07"]
[Round "5"]
[White "Trasakova, Adela"]
[Black "Strnadova, Monika"]
[Result "1/2-1/2"]
[BlackElo "1548"]
[WhiteElo "1656"]
[LiveChessVersion "1.4.8"]

1. d4 {[%clk 0:20:07]} g6 {[%clk 0:20:09]} 2. Bf4 {[%clk 0:20:03]} Bg7
{[%clk 0:20:13]} 3. c3 {[%clk 0:19:38]} d6 {[%clk 0:20:10]} 4. Nf3
{[%clk 0:19:29]} Nf6 {[%clk 0:20:14]} 5. Nbd2 {[%clk 0:19:27]} O-O
{[%clk 0:20:15]} 6. e4 {[%clk 0:19:28]} c5 {[%clk 0:19:49]} 7. dxc5
{[%clk 0:19:23]} dxc5 {[%clk 0:19:52]} 8. Bc4 {[%clk 0:19:06]} Nc6
{[%clk 0:19:07]} 9. O-O {[%clk 0:18:31]} Bg4 {[%clk 0:18:33]} 10. h3
{[%clk 0:17:39]} Bxf3 {[%clk 0:18:18]} 11. Qxf3 {[%clk 0:17:35]} Nh5
{[%clk 0:18:12]} 12. Be3 {[%clk 0:17:08]} Ne5 {[%clk 0:17:31]} 13. Qe2
{[%clk 0:16:13]} Nxc4 {[%clk 0:16:28]} 14. Nxc4 {[%clk 0:15:41]} b5
{[%clk 0:15:54]} 15. Nd2 {[%clk 0:14:32]} b4 {[%clk 0:15:08]} 16. cxb4
{[%clk 0:13:30]} cxb4 {[%clk 0:14:56]} 17. Nc4 {[%clk 0:12:39]} a5
{[%clk 0:13:41]} 18. Rac1 {[%clk 0:11:26]} Nf6 {[%clk 0:12:06]} 19. Rfd1
{[%clk 0:09:51]} Qe8 {[%clk 0:11:33]} 20. Bf4 {[%clk 0:08:24]} Qb5
{[%clk 0:10:36]} 21. Qe3 {[%clk 0:06:17]} Rac8 {[%clk 0:09:31]} 22. b3
{[%clk 0:05:41]} Nh5 {[%clk 0:08:28]} 23. Bh6 {[%clk 0:05:07]} Bxh6
{[%clk 0:08:12]} 24. Qxh6 {[%clk 0:05:09]} f5 {[%clk 0:06:52]} 25. e5
{[%clk 0:03:11]} Rfd8 {[%clk 0:05:50]} 26. Rxd8+ {[%clk 0:02:53]} Rxd8
{[%clk 0:05:53]} 27. Qe3 {[%clk 0:02:28]} Rd7 {[%clk 0:03:53]} 28. e6
{[%clk 0:02:00]} Rc7 {[%clk 0:03:09]} 29. Rd1 {[%clk 0:01:31]} Nf6
{[%clk 0:02:21]} 30. Rd8+ {[%clk 0:01:08]} Kg7 {[%clk 0:02:24]} 31. Qd4
{[%clk 0:00:57]} Qc6 {[%clk 0:01:53]} 32. Qe5 {[%clk 0:00:33]} Qe4
{[%clk 0:00:43]} 33. Qxc7 {[%clk 0:00:22]} Qe1+ {[%clk 0:00:37]} 34. Kh2
{[%clk 0:00:25]} Qe4 {[%clk 0:00:27]} 35. f3 {[%clk 0:00:14]} Qh4
{[%clk 0:00:15]} 36. Qxe7+ {[%clk 0:00:13]} Kh6 {[%clk 0:00:19]} 37. Qc7
{[%clk 0:00:08]} f4 {[%clk 0:00:13]} 38. Kg1 {[%clk 0:00:07]} Qe1+
{[%clk 0:00:16]} 39. Kh2 {[%clk 0:00:10]} Qg3+ {[%clk 0:00:19]} 1/2-1/2

[Event "MCR mladeze v rapidu 2019"]
[Site "Trest"]
[Date "2019.09.07"]
[Round "5"]
[White "Farkova, Katerina"]
[Black "Markova, Karolina"]
[Result "0-1"]
[BlackElo "1518"]
[WhiteElo "1448"]
[LiveChessVersion "1.4.8"]

1. e4 c5 2. d4 cxd4 3. c3 d3 4. Bxd3 d6 {[%clk 1:31:42]} 5. Nf3 {[%clk 1:32:03]}
Nf6 {[%clk 1:32:04]} 6. Qb3 {[%clk 1:32:27]} Nc6 {[%clk 1:32:04]} 7. Bc4
{[%clk 1:32:27]} e6 {[%clk 1:32:04]} 8. Bf4 {[%clk 1:32:27]} Be7 {[%clk 1:32:04]}
9. Nbd2 {[%clk 1:32:27]} O-O {[%clk 1:32:04]} 10. O-O {[%clk 1:32:27]} Na5
{[%clk 1:32:04]} 11. Qc2 {[%clk 1:32:27]} Nxc4 {[%clk 1:32:04]} 12. Nxc4
{[%clk 1:32:27]} d5 {[%clk 1:32:04]} 13. exd5 {[%clk 1:32:27]} Nxd5
{[%clk 1:32:04]} 14. Rad1 {[%clk 1:32:27]} Bd7 {[%clk 1:32:04]} 15. Bc1
{[%clk 1:32:27]} Qc7 {[%clk 1:32:04]} 16. Nce5 {[%clk 1:32:27]} Bc6
{[%clk 1:32:04]} 17. Rfe1 {[%clk 1:32:27]} Rac8 {[%clk 1:32:04]} 18. Qd3
{[%clk 1:32:27]} Rfd8 {[%clk 1:32:04]} 19. Qc4 {[%clk 1:32:27]} b5
{[%clk 1:32:04]} 20. Qg4 {[%clk 0:12:48]} Nf6 21. Rxd8+ {[%clk 0:12:34]} Rxd8
{[%clk 0:04:08]} 22. Qh3 {[%clk 0:12:12]} Bxf3 {[%clk 0:03:05]} 23. Qxf3
{[%clk 0:11:46]} Bd6 {[%clk 0:03:05]} 24. Bf4 {[%clk 0:11:26]} Nd5
{[%clk 0:01:54]} 25. g3 {[%clk 0:10:21]} Nxf4 {[%clk 0:01:52]} 26. gxf4
{[%clk 0:10:19]} Bxe5 {[%clk 0:01:49]} 27. Rxe5 {[%clk 0:10:11]} a6
{[%clk 0:01:26]} 28. Re3 {[%clk 0:09:10]} Qc4 {[%clk 0:01:15]} 29. b3
{[%clk 0:09:05]} Qc7 {[%clk 0:01:13]} 30. Rd3 {[%clk 0:09:01]} Rc8
{[%clk 0:01:04]} 31. Qe4 {[%clk 0:08:54]} h6 {[%clk 0:00:57]} 32. Rg3
{[%clk 0:08:28]} Rd8 {[%clk 0:00:50]} 33. Qf3 {[%clk 0:08:11]} Kh8
{[%clk 0:00:45]} 34. Qg4 {[%clk 0:07:56]} Rg8 {[%clk 0:00:46]} 35. Rh3
{[%clk 0:07:43]} Qe7 {[%clk 0:00:27]} 36. Rg3 {[%clk 0:07:07]} Qc7
{[%clk 0:00:30]} 37. f5 {[%clk 0:07:01]} exf5 {[%clk 0:00:28]} 38. Qxf5
{[%clk 0:07:04]} Qe7 {[%clk 0:00:25]} 39. Rf3 {[%clk 0:06:45]} Rf8
{[%clk 0:00:29]} 40. Rg3 {[%clk 0:06:34]} Rg8 {[%clk 0:00:29]} 41. Rh3
{[%clk 0:06:08]} Qe1+ {[%clk 0:00:22]} 42. Kg2 {[%clk 0:06:11]} Qe7
{[%clk 0:00:26]} 43. Rg3 {[%clk 0:05:31]} Rf8 {[%clk 0:00:22]} 44. Qg4
{[%clk 0:04:52]} Rg8 {[%clk 0:00:26]} 45. Qd4 {[%clk 0:04:44]} Qb7+
{[%clk 0:00:26]} 46. Kg1 {[%clk 0:04:44]} Qe7 {[%clk 0:00:26]} 47. Re3
{[%clk 0:04:44]} Qb7 {[%clk 0:00:26]} 48. Qd6 {[%clk 0:03:55]} Qa7
{[%clk 0:00:12]} 49. Re7 {[%clk 0:03:55]} Qa8 {[%clk 0:00:12]} 50. Rxf7
{[%clk 0:03:55]} Qe8 {[%clk 0:00:12]} 51. Re7 {[%clk 0:03:55]} Qc8
{[%clk 0:00:12]} 52. Re3 {[%clk 0:03:55]} Qg4+ {[%clk 0:00:12]} 53. Rg3
{[%clk 0:03:55]} Qc8 {[%clk 0:00:11]} 54. Kg2 {[%clk 0:03:55]} Qb7+
{[%clk 0:00:11]} 55. Kg1 {[%clk 0:03:55]} Re8 {[%clk 0:00:11]} 56. Qd2
{[%clk 0:03:55]} Qc6 {[%clk 0:00:11]} 57. Rd3 {[%clk 0:03:55]} Qg6+
{[%clk 0:00:11]} 58. Rg3 {[%clk 0:03:55]} Qc6 {[%clk 0:00:11]} 59. Re3
{[%clk 0:03:55]} Qg6+ {[%clk 0:00:11]} 60. Rg3 {[%clk 0:03:55]} Qc6
{[%clk 0:00:11]} 0-1

[Event "MCR mladeze v rapidu 2019"]
[Site "Trest"]
[Date "2019.09.07"]
[Round "5"]
[White "Stastna, Martina"]
[Black "Maresova, Michaela"]
[Result "1-0"]
[BlackElo "1477"]
[WhiteElo "1657"]
[LiveChessVersion "1.4.8"]

1. e4 d5 2. exd5 Qxd5 3. Nc3 Qa5 4. d4 c6 5. Bd3 Nf6 6. Nge2 Bg4 7. f3 Bh5 8. Be3
e6 9. Qd2 Bb4 10. a3 Nd5 11. Bf2 Nd7 12. O-O Bd6 13. Ne4 Qxd2 14. Nxd2 N7f6 15.
Nc4 Bc7 16. Ne5 Nd7 17. Bg3 f6 18. Nxd7 Kxd7 19. Bxc7 Kxc7 20. c4 Ne7 21. Nf4 Bf7
22. Rfe1 Kd7 23. Rad1 Ng6 24. Bxg6 hxg6 25. b3 g5 26. Nd3 Rad8 27. Nc5+ Kc7 28.
Nxe6+ Bxe6 29. Rxe6 Rd7 30. Re3 Rhd8 31. Red3 Re8 32. Kf2 Ree7 33. d5 cxd5 34.
Rxd5 Rxd5 35. Rxd5 Kc6 36. g3 Re6 37. h3 b6 38. Rd3 Re7 39. Re3 Rd7 40. Ke2 Kc7
41. Re6 Kc8 42. Re8+ Kc7 43. Ra8 Kb7 44. Re8 Kc7 45. Re3 Kc6 46. Rd3 Re7+ 47. Kd2
Kc7 48. Rd4 Kc6 49. h4 gxh4 50. Rxh4 Kc7 51. Rd4 Kc6 52. b4 Kc7 53. Rd5 Kc6 54.
a4 Kc7 55. c5 bxc5 56. Rxc5+ Kb6 57. Rb5+ Kc6 58. Rc5+ Kb6 59. a5+ Kb7 60. b5 Re6
61. Kd3 Re7 62. Rd5 Kc7 63. Kc4 Re3 64. Rd3 Re7 65. Rb3 Re6 66. Kd4 Re5 67. b6+
axb6 68. axb6+ Kb7 69. f4 Ra5 70. Kc4 g5 71. Rb5 Ra4+ 72. Rb4 Ra5 73. fxg5 fxg5
74. Kd4 Rf5 75. Ke4 Ra5 76. Kf3 Rc5 77. Kg4 Ra5 78. Kh5 Rc5 79. Rg4 Kxb6 80. Rxg5
Rc7 81. Rg6+ Kc5 82. Re6 Kd5 83. Re1 Rg7 84. g4 Kd6 85. g5 Rh7+ 86. Kg6 Rc7 87.
Kf6 Rc8 88. g6 Rf8+ 89. Kg7 Rf4 90. Kg8 Rg4 91. g7 Kd7 92. Kh7 Rh4+ 93. Kg6 Rg4+
94. Kh6 Rg3 95. Re5 Rh3+ 96. Kg6 Rg3+ 97. Rg5 Rxg5+ 98. Kxg5 1-0

[Event "MCR mladeze v rapidu 2019"]
[Site "Trest"]
[Date "2019.09.07"]
[Round "5"]
[White "Paseka, Matyas"]
[Black "Prazak, Daniel"]
[Result "1-0"]
[BlackElo "1681"]
[WhiteElo "2119"]
[LiveChessVersion "1.4.8"]

1. e4 {[%clk 0:20:08]} e6 {[%clk 0:20:09]} 2. d4 {[%clk 0:20:12]} d5
{[%clk 0:20:13]} 3. Nd2 {[%clk 0:20:15]} a6 {[%clk 0:20:18]} 4. Bd3
{[%clk 0:19:41]} c5 {[%clk 0:20:11]} 5. exd5 {[%clk 0:19:36]} exd5
{[%clk 0:20:09]} 6. Ngf3 {[%clk 0:19:36]} Bd6 {[%clk 0:19:47]} 7. dxc5
{[%clk 0:19:38]} Bxc5 {[%clk 0:19:51]} 8. Nb3 {[%clk 0:19:43]} Bd6
{[%clk 0:19:42]} 9. O-O {[%clk 0:19:32]} Ne7 {[%clk 0:19:43]} 10. c3
{[%clk 0:19:33]} O-O {[%clk 0:19:41]} 11. Nbd4 {[%clk 0:19:37]} Nbc6
{[%clk 0:19:38]} 12. h3 {[%clk 0:19:30]} Re8 {[%clk 0:18:55]} 13. Ng5
{[%clk 0:18:20]} Ng6 {[%clk 0:18:02]} 14. Qh5 {[%clk 0:18:11]} h6
{[%clk 0:17:52]} 15. Nxf7 {[%clk 0:17:58]} Kxf7 {[%clk 0:17:17]} 16. Bxg6+
{[%clk 0:18:01]} Kf8 {[%clk 0:17:10]} 17. Bxh6 {[%clk 0:12:53]} Re7
{[%clk 0:16:16]} 18. Bg5 {[%clk 0:12:56]} 1-0

[Event "MCR mladeze v rapidu 2019"]
[Site "Trest"]
[Date "2019.09.07"]
[Round "5"]
[White "Hladky, Tadeas"]
[Black "Smolik, Jachym"]
[Result "0-1"]
[BlackElo "1873"]
[WhiteElo "1716"]
[LiveChessVersion "1.4.8"]

1. e4 {[%clk 0:20:09]} c5 {[%clk 0:20:10]} 2. Nf3 {[%clk 0:20:11]} e6
{[%clk 0:20:14]} 3. d4 {[%clk 0:20:01]} cxd4 {[%clk 0:20:18]} 4. Nxd4
{[%clk 0:20:04]} Qb6 {[%clk 0:20:22]} 5. Nb3 {[%clk 0:19:35]} a6 {[%clk 0:20:25]}
6. Nc3 {[%clk 0:19:37]} Qc7 {[%clk 0:20:18]} 7. Bd3 {[%clk 0:19:15]} Nf6
{[%clk 0:20:19]} 8. O-O {[%clk 0:19:12]} b5 {[%clk 0:19:47]} 9. a3
{[%clk 0:18:48]} Bb7 {[%clk 0:19:39]} 10. Qe2 {[%clk 0:18:29]} d6
{[%clk 0:19:30]} 11. Bg5 {[%clk 0:17:43]} Be7 {[%clk 0:19:17]} 12. f4
{[%clk 0:16:36]} h6 {[%clk 0:18:10]} 13. Bh4 {[%clk 0:15:42]} Nbd7
{[%clk 0:15:01]} 14. Rae1 {[%clk 0:13:51]} Nxe4 {[%clk 0:10:54]} 15. Nxe4
{[%clk 0:12:17]} Bxh4 {[%clk 0:10:57]} 16. g3 {[%clk 0:12:21]} Be7
{[%clk 0:10:54]} 17. f5 {[%clk 0:11:03]} e5 {[%clk 0:10:42]} 18. Nf2
{[%clk 0:09:09]} Nf6 {[%clk 0:10:17]} 19. c4 {[%clk 0:08:33]} bxc4
{[%clk 0:09:03]} 20. Bxc4 {[%clk 0:08:34]} Qc6 {[%clk 0:09:05]} 21. Nd1
{[%clk 0:07:39]} Qh1+ {[%clk 0:09:08]} 22. Kf2 {[%clk 0:07:39]} Qxh2+
{[%clk 0:08:33]} 23. Ke3 {[%clk 0:07:28]} Qxe2+ {[%clk 0:07:02]} 24. Rxe2
{[%clk 0:06:26]} d5 {[%clk 0:06:59]} 25. Bd3 {[%clk 0:06:13]} d4+
{[%clk 0:06:11]} 26. Kd2 {[%clk 0:06:02]} e4 {[%clk 0:05:54]} 27. Rfe1
{[%clk 0:04:49]} e3+ {[%clk 0:05:42]} 28. Nxe3 {[%clk 0:04:03]} dxe3+
{[%clk 0:05:38]} 29. Rxe3 {[%clk 0:04:05]} Nd5 {[%clk 0:05:23]} 30. Be4
{[%clk 0:01:23]} Nxe3 {[%clk 0:04:45]} 31. Bxb7 {[%clk 0:01:23]} Rb8
{[%clk 0:04:30]} 32. Bc6+ {[%clk 0:01:25]} Kf8 {[%clk 0:04:30]} 0-1

[Event "MCR mladeze v rapidu 2019"]
[Site "Trest"]
[Date "2019.09.07"]
[Round "5"]
[White "Seidl, Jan"]
[Black "Janous, Marek"]
[Result "1-0"]
[BlackElo "1847"]
[WhiteElo "1647"]
[LiveChessVersion "1.4.8"]

1. d4 {[%clk 0:20:08]} Nf6 {[%clk 0:20:09]} 2. c4 {[%clk 0:20:11]} g6
{[%clk 0:20:12]} 3. g3 {[%clk 0:20:14]} Bg7 {[%clk 0:20:16]} 4. Bg2
{[%clk 0:20:18]} d6 {[%clk 0:20:19]} 5. Nf3 {[%clk 0:20:17]} O-O {[%clk 0:20:11]}
6. O-O {[%clk 0:20:19]} Nbd7 {[%clk 0:19:56]} 7. Nc3 {[%clk 0:20:16]} c6
{[%clk 0:19:53]} 8. e4 {[%clk 0:20:11]} e5 {[%clk 0:19:55]} 9. d5
{[%clk 0:19:50]} Nc5 {[%clk 0:19:51]} 10. Re1 {[%clk 0:19:41]} cxd5 11. cxd5
{[%clk 0:19:42]} Bd7 {[%clk 0:19:14]} 12. b4 {[%clk 0:18:28]} Na6
{[%clk 0:19:18]} 13. a3 {[%clk 0:18:30]} Rc8 {[%clk 0:19:21]} 14. Bb2
{[%clk 0:18:27]} b5 {[%clk 0:18:45]} 15. Rc1 {[%clk 0:18:01]} Nc7
{[%clk 0:18:43]} 16. Nd2 {[%clk 0:17:44]} Na8 17. Nb3 {[%clk 0:17:16]} Nb6
{[%clk 0:18:26]} 18. Na5 {[%clk 0:17:12]} Bh6 {[%clk 0:16:22]} 19. Rc2
{[%clk 0:17:07]} Rc7 {[%clk 0:16:10]} 20. Bc1 {[%clk 0:16:18]} Bxc1
{[%clk 0:15:38]} 21. Qxc1 {[%clk 0:16:19]} Qc8 {[%clk 0:15:09]} 22. Qd2
{[%clk 0:16:05]} a6 {[%clk 0:14:57]} 23. Rec1 {[%clk 0:16:06]} Nc4
{[%clk 0:14:23]} 24. Nxc4 {[%clk 0:15:23]} bxc4 {[%clk 0:14:02]} 25. f3
{[%clk 0:14:45]} Kg7 {[%clk 0:13:49]} 26. Bf1 {[%clk 0:13:52]} Nh5
{[%clk 0:13:10]} 27. Nd1 {[%clk 0:13:30]} f5 {[%clk 0:11:12]} 28. Rxc4
{[%clk 0:13:15]} Rxc4 {[%clk 0:11:15]} 29. Rxc4 {[%clk 0:13:19]} Qb7
{[%clk 0:10:55]} 30. Qc2 {[%clk 0:12:45]} Rc8 {[%clk 0:10:45]} 31. Rxc8
{[%clk 0:12:21]} Bxc8 {[%clk 0:10:47]} 32. Qc6 {[%clk 0:11:37]} fxe4
{[%clk 0:09:44]} 33. fxe4 {[%clk 0:11:35]} Nf6 {[%clk 0:09:38]} 34. Qxd6
{[%clk 0:10:42]} Nxe4 {[%clk 0:09:04]} 35. Qxe5+ {[%clk 0:10:45]} Nf6
{[%clk 0:09:08]} 36. Nc3 {[%clk 0:09:09]} Bf5 {[%clk 0:07:55]} 37. d6
{[%clk 0:08:35]} Qb6+ {[%clk 0:07:11]} 38. Kg2 {[%clk 0:08:25]} Qc6+
{[%clk 0:07:09]} 39. Kf2 {[%clk 0:07:37]} Qb6+ {[%clk 0:06:54]} 40. Qc5
{[%clk 0:06:57]} Ng4+ {[%clk 0:06:54]} 41. Kg1 {[%clk 0:06:26]} Qxc5+
{[%clk 0:04:16]} 42. bxc5 {[%clk 0:06:30]} Bd7 {[%clk 0:04:16]} 43. Bxa6
{[%clk 0:06:25]} Kf6 {[%clk 0:03:34]} 44. Bb5 {[%clk 0:06:11]} Bxb5
{[%clk 0:03:34]} 45. Nxb5 {[%clk 0:06:11]} Ke6 {[%clk 0:03:20]} 46. a4
{[%clk 0:06:01]} Ne5 {[%clk 0:03:15]} 47. Nc7+ {[%clk 0:06:01]} Kd7
{[%clk 0:03:18]} 48. a5 {[%clk 0:04:36]} Nc6 {[%clk 0:03:17]} 49. a6
{[%clk 0:04:28]} Na7 {[%clk 0:03:15]} 50. Kf2 {[%clk 0:04:24]} Kc6
{[%clk 0:02:57]} 51. Ne6 {[%clk 0:04:21]} Kd7 {[%clk 0:02:43]} 52. Nf8+
{[%clk 0:04:23]} Kc6 {[%clk 0:02:39]} 53. d7 {[%clk 0:04:14]} Kc7
{[%clk 0:02:42]} 54. Ke3 {[%clk 0:04:13]} Nc6 {[%clk 0:02:40]} 55. Ke4
{[%clk 0:04:01]} h6 {[%clk 0:01:01]} 56. Kd5 {[%clk 0:03:54]} 1-0

[Event "MCR mladeze v rapidu 2019"]
[Site "Trest"]
[Date "2019.09.07"]
[Round "5"]
[White "Day, Tobias"]
[Black "Simunek, Jakub Simon"]
[Result "0-1"]
[BlackElo "1608"]
[WhiteElo "1839"]
[LiveChessVersion "1.4.8"]

1. e4 {[%clk 0:20:05]} e6 {[%clk 0:20:07]} 2. d4 {[%clk 0:19:58]} d5
{[%clk 0:20:10]} 3. Nd2 {[%clk 0:20:02]} a6 {[%clk 0:20:12]} 4. Ne2
{[%clk 0:19:37]} c5 {[%clk 0:20:07]} 5. exd5 {[%clk 0:19:39]} exd5
{[%clk 0:20:11]} 6. Nf3 {[%clk 0:19:40]} Nc6 {[%clk 0:19:24]} 7. c3
{[%clk 0:19:32]} Bg4 {[%clk 0:19:02]} 8. Nf4 {[%clk 0:18:37]} cxd4
{[%clk 0:18:32]} 9. cxd4 {[%clk 0:18:24]} Bb4+ {[%clk 0:17:51]} 10. Bd2
{[%clk 0:17:49]} Qa5 {[%clk 0:16:51]} 11. a3 {[%clk 0:15:52]} Bxd2+
{[%clk 0:16:00]} 12. Qxd2 {[%clk 0:15:15]} Qxd2+ {[%clk 0:15:56]} 13. Kxd2
{[%clk 0:15:03]} Bxf3 {[%clk 0:15:53]} 14. gxf3 {[%clk 0:15:02]} Nxd4
{[%clk 0:15:49]} 15. Re1+ {[%clk 0:14:30]} Kd7 {[%clk 0:15:33]} 16. Bh3+
{[%clk 0:14:11]} Kd6 {[%clk 0:14:49]} 17. Re3 {[%clk 0:10:25]} Nf6
{[%clk 0:13:35]} 18. Rd3 {[%clk 0:09:33]} Nc6 {[%clk 0:13:21]} 19. Rd1
{[%clk 0:08:02]} Rhe8 {[%clk 0:12:06]} 20. Kc2 {[%clk 0:07:30]} Ne7
{[%clk 0:11:46]} 21. Ne2 {[%clk 0:07:11]} Ng6 {[%clk 0:10:31]} 22. R1d2
{[%clk 0:06:31]} Rxe2 {[%clk 0:08:21]} 23. Rxe2 {[%clk 0:06:22]} Nf4
{[%clk 0:08:25]} 24. Bf1 {[%clk 0:06:10]} Nxe2 {[%clk 0:07:43]} 25. Bxe2
{[%clk 0:06:13]} Nd7 {[%clk 0:05:50]} 26. Rd4 {[%clk 0:06:01]} Rc8+
{[%clk 0:05:32]} 27. Kd2 {[%clk 0:05:40]} Ne5 {[%clk 0:05:20]} 28. b3
{[%clk 0:05:31]} h6 {[%clk 0:04:42]} 29. f4 {[%clk 0:04:12]} Nc6 {[%clk 0:04:12]}
30. Rd3 {[%clk 0:04:03]} Ne7 {[%clk 0:02:21]} 31. Bf3 {[%clk 0:03:46]} b5
{[%clk 0:01:24]} 32. f5 {[%clk 0:02:27]} a5 {[%clk 0:01:05]} 33. Bg4
{[%clk 0:02:16]} Rc7 {[%clk 0:00:52]} 34. Bf3 {[%clk 0:01:45]} b4
{[%clk 0:00:36]} 35. a4 {[%clk 0:01:28]} Ke5 {[%clk 0:00:16]} 36. Bg4
{[%clk 0:01:07]} Rc5 {[%clk 0:00:13]} 37. Re3+ {[%clk 0:00:36]} Kf6
{[%clk 0:00:11]} 38. Rf3 {[%clk 0:00:26]} Ke5 {[%clk 0:00:10]} 39. Re3+
{[%clk 0:00:22]} Kd6 {[%clk 0:00:13]} 40. Rd3 {[%clk 0:00:18]} Nc6
{[%clk 0:00:12]} 41. Bh3 {[%clk 0:00:13]} Ne5 {[%clk 0:00:13]} 42. Re3
{[%clk 0:00:17]} d4 {[%clk 0:00:14]} 43. Rg3 {[%clk 0:00:19]} Rc3
{[%clk 0:00:10]} 44. Rxc3 {[%clk 0:00:09]} dxc3+ {[%clk 0:00:13]} 45. Kc2
{[%clk 0:00:13]} Kd5 {[%clk 0:00:15]} 46. Bg2+ {[%clk 0:00:12]} Kd4
{[%clk 0:00:18]} 47. Bf1 {[%clk 0:00:11]} Ng4 {[%clk 0:00:20]} 48. f3
{[%clk 0:00:11]} Ne5 {[%clk 0:00:19]} 49. Bg2 {[%clk 0:00:08]} Ke3
{[%clk 0:00:21]} 50. f4 {[%clk 0:00:08]} Kxf4 {[%clk 0:00:24]} 51. Bh3
{[%clk 0:00:09]} Ng4 {[%clk 0:00:25]} 52. Kd3 {[%clk 0:00:07]} Nf2+
{[%clk 0:00:29]} 0-1